书目信息 |
| 题名: |
如何让你的阅读更高效
|
|
| 作者: | 杨寒 著 | |
| 分册: | ||
| 出版信息: | 北京 团结出版社 2017 |
|
| 页数: | 216页 | |
| 开本: | 21cm | |
| 丛书名: | ||
| 单 册: | ||
| 中图分类: | G792 | |
| 科图分类: | ||
| 主题词: | 读书方法--du shu fang fa | |
| 电子资源: | ||
| ISBN: | 978-7-5126-4986-6 | |
| 000 | 01361nam0 2200265 450 | |
| 001 | 012017000104 | |
| 005 | 20180111090409.72 | |
| 010 | @a978-7-5126-4986-6@b@dCNY32.80 | |
| 100 | @a20170427d2017 em y0chiy0121 ea | |
| 101 | 0 | @achi |
| 102 | @aCN@b110000 | |
| 105 | @aak z 000yy | |
| 106 | @ar | |
| 200 | 1 | @a如何让你的阅读更高效@Aru he rang ni de yue du geng gao xiao@f杨寒著@g |
| 210 | @a北京@c团结出版社@d2017 | |
| 215 | @a216页@c图@d21cm | |
| 306 | @a本书经由厦门凌图书策划有限公司代理, 经城邦文化实业股份有限公司 [商周出版] 授权, 同意经由北京文通天下图书有限公司, 出版中文简体字版本 | |
| 314 | @a杨寒, 中国台湾逢甲大学文学系博士。 | |
| 330 | @a这是一部帮助你解决所有阅读难题, 实现高效阅读的指导书: 让不想读书的人培养起读书乐趣与习惯, 建立自己的读书用途观念。 让明知读书有用, 却不知如何阅读的人找到最适合自己的读书方法。 让不擅长阅读的人轻松翻阅, 快速体悟, 确确实实掌握高效阅读法。 让喜欢阅读却不能消化书本知识的人学会快速吸收图书内容的技巧。 让爱上阅读的人眼睛不疲劳, 精神不疲倦, 能够系统梳理图书内容。这本书提供的方法能让你每年阅读并消化一百多本优质图书或等量的资讯、信息、图表, 获取充足的储备知识。 阅读是一件低成本高回报的事, 这件事值得你每天都去做。 | |
| 606 | 0 | @a读书方法@Adu shu fang fa |
| 690 | @aG792@v5 | |
| 701 | 0 | @a杨寒@Ayang han@4著 |
| 801 | 0 | @aCN@b湖北三新@c20170605@g |
| 905 | @aBZT@dG792@e17 | |
| 906 | @dCNY32.80@n5@r1 | |
| 如何让你的阅读更高效/杨寒著.-北京:团结出版社,2017 |
| 216页:图;21cm |
| ISBN 978-7-5126-4986-6:CNY32.80 |
| 这是一部帮助你解决所有阅读难题, 实现高效阅读的指导书: 让不想读书的人培养起读书乐趣与习惯, 建立自己的读书用途观念。 让明知读书有用, 却不知如何阅读的人找到最适合自己的读书方法。 让不擅长阅读的人轻松翻阅, 快速体悟, 确确实实掌握高效阅读法。 让喜欢阅读却不能消化书本知识的人学会快速吸收图书内容的技巧。 让爱上阅读的人眼睛不疲劳, 精神不疲倦, 能够系统梳理图书内容。这本书提供的方法能让你每年阅读并消化一百多本优质图书或等量的资讯、信息、图表, 获取充足的储备知识。 阅读是一件低成本高回报的事, 这件事值得你每天都去做。 |
| ● |
| 相关链接 |
|
|
|
正题名:如何让你的阅读更高效
索取号:G792/17
 
预约/预借
| 序号 | 登录号 | 条形码 | 馆藏地/架位号 | 状态 | 备注 |
| 1 | 843540 | 2000843540 | 第二书库/ [索取号:G792/17] | 在馆 | |
| 2 | 843541 | 2000843541 | 第二书库/ [索取号:G792/17] | 在馆 | |
| 3 | 843542 | 2000843542 | 第二书库/ [索取号:G792/17] | 在馆 | |
| 4 | 843543 | 2000843543 | 第二书库/ [索取号:G792/17] | 在馆 | |
| 5 | 843544 | 2000843544 | 第二书库/ [索取号:G792/17] | 在馆 |